Central Library OPAC University of Rajshahi

Banking system of Pakistan / (Record no. 43560)

MARC details
000 -LEADER
fixed length control field 00687nam a2200241 a 4500
001 - CONTROL NUMBER
control field 43560
003 - CONTROL NUMBER IDENTIFIER
rucl marc code BD-RjUL
005 - DATE AND TIME OF LATEST TRANSACTION
control field 20211209053721.0
008 - FIXED-LENGTH DATA ELEMENTS--GENERAL INFORMATION
fixed length control field 160625s1964 pk a 000 0 eng
035 ## - SYSTEM CONTROL NUMBER
System control number (BD-RjUL)43678
System control number (OCoLC)11172558
040 ## - CATALOGING SOURCE
Original cataloging agency DLC
Transcribing agency CoDU
Modifying agency DLC
Language of cataloging eng
041 ## - LANGUAGE CODE
Language code of text/sound track or separate title eng
082 ## - DEWEY DECIMAL CLASSIFICATION NUMBER
Classification number 332.1095491
Author mark and year MEB 1964
100 1# - MAIN ENTRY--PERSONAL NAME
Personal name Meenai, S. A.
Fuller form of name (Saeed Ahmed),
Dates associated with a name 1924-
9 (RLIN) 133815
245 10 - TITLE STATEMENT
Title Banking system of Pakistan /
Statement of responsibility, etc. by S. A. Meenai.
260 ## - PUBLICATION, DISTRIBUTION, ETC. (IMPRINT)
Place of publication, distribution, etc. Karachi :
Date of publication, distribution, etc. 1964
300 ## - PHYSICAL DESCRIPTION
Pagination iii, 147 p. :
Illustrations ill. ;
Size 22 cm.
504 ## - BIBLIOGRAPHY, ETC. NOTE
Bibliography, etc Bibliography : p. [146]-147.
650 #0 - SUBJECT ADDED ENTRY--TOPICAL TERM
Topical term or geographic name as entry element Banks and banking
Geographic subdivision Pakistan.
9 (RLIN) 133816
942 ## - ADDED ENTRY ELEMENTS (KOHA)
Source of classification or shelving scheme Dewey Decimal Classification
Koha item type Books
Holdings
Lost status Source of classification or shelving scheme Damaged status Not for loan Collection code Permanent Location Current Location Shelving location Date acquired Source of acquisition Total Checkouts Full call number Date last seen Copy number Koha item type
  Dewey Decimal Classification     Non-fiction Central Library, University of Rajshahi Central Library, University of Rajshahi   26/02/1964 Eco. adviser state bank of pakistan   332.1095491 MEB 1964 25/06/2016 C-2 Books